| 000 | 00695cpcaa2200217 4500 | ||
|---|---|---|---|
| 001 | mm 78004571 | ||
| 003 | DLC | ||
| 005 | 20260227111620.0 | ||
| 008 | 790105|||||||||||| eng | ||
| 010 | _amm 78004571 | ||
| 040 |
_aDLC _cDLC _edacs _dDLC |
||
| 072 | 7 |
_aC _2lcmd |
|
| 110 | 1 | _aBaltimore (Md.) | |
| 245 | 0 | 0 |
_aBaltimore (Md.) city seal, _f1797. |
| 300 |
_a1 _fitem. |
||
| 506 | 0 | _aOpen to research. | |
| 546 | _aCollection material in English. | ||
| 580 | _aForms part of: Miscellaneous Manuscripts collection. | ||
| 999 |
_c39635 _d39635 |
||